00417nam a2200145Ia 4500008004100000041000900041082001500050100002100065245002900086260003100115300000800146650000800154999001700162952009200179230718s9999 xx 000 0 und d aEng. a344bFIT-S aFitzgerald, P. J 0aSalmond's Jer is Paudine aPakistanbHafen (ave booke a324 aLaw c29105d29105 00104070aSIRC-LbSIRC-Ld2023-07-18l0o344 FIT-Sp24056r2023-07-18w2023-07-18yBK